Pascal, an introduction to the art and science of programming / (Record no. 180329)

000 -LEADER
fixed length control field 01287 a2200217 4500
003 - CONTROL NUMBER IDENTIFIER
control field Nust
005 - DATE AND TIME OF LATEST TRANSACTION
control field 20220817145328.0
010 ## - LIBRARY OF CONGRESS CONTROL NUMBER
LC control number 84000303
020 ## - INTERNATIONAL STANDARD BOOK NUMBER
International Standard Book Number 0805383700
040 ## - CATALOGING SOURCE
Transcribing agency Nust
082 00 - DEWEY DECIMAL CLASSIFICATION NUMBER
Classification number 005.133,SAV
100 1# - MAIN ENTRY--PERSONAL NAME
Personal name Savitch, Walter J.,
9 (RLIN) 36776
245 10 - TITLE STATEMENT
Title Pascal, an introduction to the art and science of programming /
Statement of responsibility, etc. by Walter J. Savitch.
260 ## - PUBLICATION, DISTRIBUTION, ETC.
Place of publication, distribution, etc. Menlo Park, CA :
Name of publisher, distributor, etc. Benjamin/Cummings Pub. Co.,
Date of publication, distribution, etc. 1984.
300 ## - PHYSICAL DESCRIPTION
Extent xxiii, 550 p. ;
Dimensions 24 cm.
505 ## - FORMATTED CONTENTS NOTE
Formatted contents note Introduction to Computers and Problem Solving (Page-1), Introduction to Pascal (Page-21), More Pascal and Problem Solving (Page-53), Procedures and Top Down Design (Page-87), Procedures for Modular Design (Page-109), Designing Programs that Make Choices (Page-137), Programming with Boolean Expression (Page-169), Looping Mechanisms (Page-193), Functions (Page-229), More on Data Types (Page-255), Program Design Methodology (Page-291), Using Recursion (Page-313), Text Files and Secondary Storage (Page-341), More Structured Data Types (Page-373), Solving Numeric Problems (Page-413), More Files Types (Page-437), Dynamic Data Structures (Page-461).
650 #0 - SUBJECT ADDED ENTRY--TOPICAL TERM
Topical term or geographic name entry element Computer programming.
650 #0 - SUBJECT ADDED ENTRY--TOPICAL TERM
Topical term or geographic name entry element Pascal (Computer program language)
9 (RLIN) 14014
740 0# - ADDED ENTRY--UNCONTROLLED RELATED/ANALYTICAL TITLE
Uncontrolled related/analytical title Pascal.
942 ## - ADDED ENTRY ELEMENTS (KOHA)
Source of classification or shelving scheme
Koha item type Book
Call number prefix 005.133,SAV
Holdings
Withdrawn status Lost status Source of classification or shelving scheme Damaged status Not for loan Permanent Location Current Location Shelving location Date acquired Full call number Barcode Date last seen Price effective from Koha item type Public note
          Military College of Signals (MCS) Military College of Signals (MCS) General Stacks 12/12/2016 005.133,SAV MCS3358 12/08/2016 12/12/2016 Book Almirah No.5, Shelf No.2
© 2023 Central Library, National University of Sciences and Technology. All Rights Reserved.